FUNDAMENTOS BIBLICOS DE LA ACCION PASTORAL /

CONTENIDO: V.1 ANTIGUO TESTAMENTO

Wedi'i Gadw mewn:
Manylion Llyfryddiaeth
Prif Awdur: Apecechea Perurena, Juan (autor)
Fformat: Llyfr
Cyfres:LECCIONES DE PASTORAL; 2
Pynciau:
Tagiau: Ychwanegu Tag
Dim Tagiau, Byddwch y cyntaf i dagio'r cofnod hwn!

MARC

LEADER 00000nam^a2200000^a^4500
001 000231254
005 20250521000000.0
009 20260310104513.889
035 |a 051773 
037 |a Acervo Xavier Clavigero 
082 |a 253.  |b APE V. 1 
100 |a Apecechea Perurena, Juan  |e (autor) 
245 1 0 |a FUNDAMENTOS BIBLICOS DE LA ACCION PASTORAL /  |c JUAN APECECHEA PERURENA 
264 |a BARCELONA :  |b JUAN FLORS,  |c 1963 
300 |a V.- 
336 |a texto  |b txt  |2 rdacontenido 
337 |a sin mediación  |b n  |2 rdamedio 
338 |a volumen  |b nc  |2 rdasoporte 
440 |a LECCIONES DE PASTORAL;  |v 2 
520 |a CONTENIDO: V.1 ANTIGUO TESTAMENTO 
649 |a XX 
650 |a Teología Pastoral 
650 |a Biblia -  |x Antiguo Testamento 
910 |a Fondo General 
920 |a Impresos - Libros 
930 |a Colección General 
905 |a 101 
901 |a 051773  |b IT1  |c ACC  |i 051773  |u 20250521 
902 |a https://opac.biblio.iteso.mx/vufind/Record/000231254